000
00306pam a2200133 a 4500
020
_c
041
_h
082
_a
519.5
_b
CHI
100
_a
CHITALE, RANJEET
245
_a
STATICAL AND QUANTATIVE METHODS
_h
Textual Documents
260
_a
PUNE
_b
NIRALI PRAKAHAN
_c
2004
300
_a
15.35
930
_a
13964
999
_c
133275
_d
133275